Score 0/10 Timer 02:00
0 Plays Today
% Correct
Actor
98%
Athlete
97.1%
Musician
95.9%
Politician
91.9%
Author
88.5%
Religious Leader
85.2%
Director
83.2%
Painter
75.2%
Reporter|Journalist
74.8%
Entrepreneur|Businessperson
63.3%

You're not logged in!

Compare scores with friends on all Sporcle quizzes.
OR
Log In

Sporcle TV

Today on Sporcle TV


Watch our educational content, quiz creation guides, and fun videos on Sporcle TV.

Show Comments

Extras

Top Quizzes Today


Score Distribution

Paid Content

Your Account Isn't Verified!

In order to create a playlist on Sporcle, you need to verify the email address you used during registration. Go to your Sporcle Settings to finish the process.

Report this User

Report this user for behavior that violates our Community Guidelines.

Details: